Statistics for 13 Times Table Game

Click here to take the quiz!

General Stats

  • This quiz has been taken 33,441 times
    (29,748 since last reset)
  • The average score is 12 of 13

Answer Stats

ProblemAnswer% Correct
13 x 113
96%
13 x 226
94%
13 x 339
94%
13 x 452
92%
13 x 565
91%
13 x 10130
90%
13 x 678
90%
13 x 8104
88%
13 x 9117
88%
13 x 791
88%
13 x 11143
86%
13 x 12156
84%
13 x 13169
83%

Score Distribution

Percentile by Number Answered

Percent of People with Each Score

Your Score History

You have not taken this quiz since the last reset